| 000 | 00629nam a2200217Ia 4500 | ||
|---|---|---|---|
| 003 | OSt | ||
| 005 | 20220926000535.0 | ||
| 006 | a|||||r|||| 00| 0 | ||
| 007 | ta | ||
| 008 | 220923b |||||||| |||| 00| 0 eng d | ||
| 037 | _cGeneral Book | ||
| 040 |
_aRTL _cRTL _beng |
||
| 041 |
_2eng _aeng |
||
| 082 | _aY:4.N55<--N54, J5 | ||
| 100 |
_aPoplai Sl Ed. _9302733 |
||
| 245 | 0 |
_aTemper of peace _b select documents 1954-55. |
|
| 260 |
_a New Delhi _bIndian council of world affair. _c1955 |
||
| 300 |
_av,96p _ccm. |
||
| 942 |
_hY:4.N55<--N54, J5 _cGB _2CC |
||
| 999 |
_c599241 _d599241 |
||